Исследование зависимости физико-механических свойств полидициклопентадиена от температуры полимеризации; Проблемы геологии и освоения недр; Т. 2
| Parent link: | Проблемы геологии и освоения недр: труды XVIII Международного симпозиума имени академика М. А. Усова студентов и молодых ученых, Томск, 7-11 апреля 2014 г./ Национальный исследовательский Томский политехнический университет (ТПУ), Институт природных ресурсов (ИПР) ; Общество инженеров-нефтяников, международная некоммерческая организация, Студенческий чаптер ; под ред. А. Ю. Дмитриева.— , 2014 Т. 2.— [С. 186-188] |
|---|---|
| Autor principal: | |
| Autor Corporativo: | |
| Outros Autores: | , |
| Resumo: | Заглавие с экрана |
| Idioma: | russo |
| Publicado em: |
|
| Colecção: | Современные технологии подготовки освоения и переработки минерального и углеводородного сырья Переработка нефти и газа |
| Assuntos: | |
| Acesso em linha: | http://earchive.tpu.ru/handle/11683/65565 http://www.lib.tpu.ru/fulltext/c/2014/C11/V2/079.pdf |
| Formato: | Recurso Electrónico Capítulo de Livro |
| KOHA link: | https://koha.lib.tpu.ru/cgi-bin/koha/opac-detail.pl?biblionumber=608493 |
MARC
| LEADER | 00000naa2a2200000 4500 | ||
|---|---|---|---|
| 001 | 608493 | ||
| 005 | 20260323135523.0 | ||
| 035 | |a (RuTPU)RU\TPU\conf\5924 | ||
| 035 | |a RU\TPU\conf\5922 | ||
| 090 | |a 608493 | ||
| 100 | |a 20141001d2014 k y0rusy50 ca | ||
| 101 | 0 | |a rus | |
| 102 | |a RU | ||
| 135 | |a drmn ---uucaa | ||
| 181 | 0 | |a i | |
| 182 | 0 | |a b | |
| 200 | 1 | |a Исследование зависимости физико-механических свойств полидициклопентадиена от температуры полимеризации |f Та Куанг Кыонг, Д. А. Русаков |g науч. рук. А. А. Ляпков | |
| 203 | |a Текст |c электронный | ||
| 225 | 1 | |a Современные технологии подготовки освоения и переработки минерального и углеводородного сырья | |
| 225 | 1 | |a Переработка нефти и газа | |
| 300 | |a Заглавие с экрана | ||
| 320 | |a [Библиогр.: с. 188 (4 назв.)] | ||
| 337 | |a Adobe Reader | ||
| 461 | 1 | |0 (RuTPU)RU\TPU\conf\5590 |t Проблемы геологии и освоения недр |o труды XVIII Международного симпозиума имени академика М. А. Усова студентов и молодых ученых, Томск, 7-11 апреля 2014 г. |o в 2 т. |f Национальный исследовательский Томский политехнический университет (ТПУ), Институт природных ресурсов (ИПР) ; Общество инженеров-нефтяников, международная некоммерческая организация, Студенческий чаптер ; под ред. А. Ю. Дмитриева |d 2014 | |
| 463 | 1 | |0 (RuTPU)RU\TPU\conf\5595 |t Т. 2 |v [С. 186-188] | |
| 610 | 1 | |a труды учёных ТПУ | |
| 610 | 1 | |a электронный ресурс | |
| 610 | 1 | |a зависимость | |
| 610 | 1 | |a физико-механические свойства | |
| 610 | 1 | |a полидициклопентадиен | |
| 610 | 1 | |a полимеризация | |
| 610 | 1 | |a побочные продукты | |
| 610 | 1 | |a метатезис | |
| 610 | 1 | |a дициклопентациен | |
| 700 | 0 | |a Та Куанг Кыонг | |
| 701 | 1 | |a Русаков |b Д. А. |c химик |c инженер Томского политехнического университета |f 1982- |g Дмитрий Александрович |3 (RuTPU)RU\TPU\pers\29585 | |
| 702 | 1 | |a Ляпков |b А. А. |c химик-технолог |c доцент Томского политехнического университета, кандидат химических наук |f 1958- |g Алексей Алексеевич |4 727 | |
| 712 | 0 | 2 | |a Национальный исследовательский Томский политехнический университет (ТПУ) |b Институт природных ресурсов (ИПР) |b Кафедра технологии органических веществ и полимерных материалов (ТОВПМ) |3 (RuTPU)RU\TPU\col\18659 |
| 801 | 2 | |a RU |b 63413507 |c 20210916 |g RCR | |
| 856 | 4 | |u http://earchive.tpu.ru/handle/11683/65565 | |
| 856 | 4 | |u http://www.lib.tpu.ru/fulltext/c/2014/C11/V2/079.pdf | |
| 942 | |c BK | ||